|
|
|
|
| LEADER |
00000nab a2200000 ar4500 |
| 001 |
vtls010664451 |
| 003 |
SK-MaSNL |
| 005 |
20260305010939.0 |
| 008 |
171109c2013 xo er|p|||||||000 b|slo |
| 038 |
|
|
|a PPPK
|
| 040 |
|
|
|a PPPKCL
|b slo
|c PPPKCL
|e AACR2
|
| 041 |
0 |
|
|a slo
|
| 044 |
|
|
|a xo
|c SK
|
| 080 |
|
|
|a 821.162.4-32
|2 2001
|
| 100 |
1 |
|
|a Švenková, Viera,
|d 1937-
|4 aut
|
| 245 |
1 |
0 |
|a Malá možnosť úniku
|c Viera Švenková
|
| 600 |
1 |
7 |
|a Švenková, Viera,
|d 1937-
|t Počúvaj vietor
|2 pppkcl
|9 1096658
|
| 650 |
0 |
7 |
|a slovenské novely
|2 pppkcl
|9 383297
|
| 650 |
0 |
7 |
|a ukážky
|2 pppkcl
|9 528084
|
| 650 |
0 |
7 |
|a rodáci
|2 snkbucl
|9 30842
|
| 651 |
|
7 |
|a Veľká (Poprad, Slovensko)
|2 pppkcl
|9 31782
|
| 651 |
|
7 |
|a Poprad (Slovensko)
|2 pppkcl
|9 20155
|
| 773 |
0 |
|
|t Literárny dvojtýždenník
|g Roč. 23, č. 27-28 (2013), s. 12
|x 0862-5999
|
| 852 |
|
|
|a PPPK
|b KIS3GCP
|
| 999 |
|
|
|c 3249749
|d 3251679
|